000 00481nam a2200181Ia 4500
003 GCL
008 140319s9999 xx 000 0 ara d
040 _aGCL /
_cGCL
082 0 4 _a813.03
_bز ع
100 1 _aزينب الكردى
245 1 0 _aعيونى الليلة لاتعطى دمعا /
_cزينب الكردى
300 _a108 ص
490 _a
650 0 4 _aالادب العربى
650 0 4 _aالقصص العربية
650 0 4 _aالقصص
942 _2ddc
_cBK
999 _c42291
_d42291